000
00287nam a2200133Ia 4500
008
230312s9999||||xx |||||||||||||| ||und||
082
_a
891.4
_b
HAM-B
100
_a
Hameed, A
245
0
_a
Barish main Judai
260
_b
SangeMeel
300
_a
251
650
_a
Literature
942
_c
BK
999
_c
8673
_d
8673